| 000 | 00669nam a2200241Ia 4500 | ||
|---|---|---|---|
| 001 | 21599 | ||
| 003 | GE_BSU | ||
| 008 | 181216s||||||||xx |||||||||||||| ||und|| | ||
| 020 | _a9783468474811 | ||
| 040 | _cGE_BSU | ||
| 100 | _aKoithan, Ute., Schmitz, Helen., Sieben, Tanja., Sonntag, Ralf | ||
| 245 | _aAspekte. Mittelstufe Deutsch .:Lehbuch 2. Niveau B2 | ||
| 245 | _bLehbuch 2 | ||
| 260 | _aBerlin | ||
| 260 | _blangenscheidt | ||
| 260 | _c2008 | ||
| 300 | _a199p.CD ROM | ||
| 541 | _h85 Gel. | ||
| 653 | _aAspekte. Mittelstufe Deutsch .:Arbeitsbuch 2. Niveau B2 | ||
| 653 | _aLehbuch 2 | ||
| 653 | _aგერმანული ენა | ||
| 942 | _cBK | ||
| 999 |
_c54535 _d54535 |
||